000 00897nam a2200241 a 4500
001 000030882
005 20200930062552.0
008 100310s1957 sp 000 f spa d
040 _aDO-SdBNP
_bspa
_cBNPHU
082 _axxxx
_bC352g
100 1 _aCastillo Solórzano, Alonso de,
_d1584 -1648
_937308
245 1 3 _aLa garduña de Sevilla ;
_bAnzuelo de las bolsas /
_cCastillo Solórzano; edición, prólogo y notas de Federico Ruiz Morcuende.
260 _aMadrid :
_bEspasa-Calpe,
_c1957.
300 _a253 p. ;
_c19 cm.
490 1 _aClásicos castellanos
_v42
500 _aIncluye notas al pie de las páginas
500 _aDos obras encuadernadas juntas con paginación continua.
500 _aIncluye notas al pie de las páginas.
740 3 2 _aAnzuelo de las bolsas
700 1 _aRuiz Morcuende, Federico,
_ced.
_937309
830 0 _aClásicos castellanos
_v42
_94180
049 _aBNGR
999 _c30374
_d30374